000 00461nam a2200181Ia 4500
005 20240823055212.0
008 240823s9999||||xx |||||||||||||| ||und||
041 _aENGLISH
082 _A572.80285 Q7
100 _a"Xiong, Jin"
245 0 _aEssential Bioinformatics
250 _a1st
260 _c2017
_bCambridge University
500 _aYES
650 _aHuman Genetics and Molecular Biology
_bAllied Health Science
942 _cBK
999 _c228229
_d228229